<?xml version="1.0" encoding="UTF-8"?>
<collection xmlns:xsi="http://www.w3.org/2001/XMLSchema-instance" xsi:schemaLocation="http://www.loc.gov/MARC21/slim http://www.loc.gov/standards/marcxml/schema/MARC21slim.xsd" xmlns="http://www.loc.gov/MARC21/slim">
 <record>
  <leader>00000cam a22000004i 4500</leader>
  <controlfield tag="001">UP-8027390931312542652</controlfield>
  <controlfield tag="003">Buklod</controlfield>
  <controlfield tag="005">20210430163640.0</controlfield>
  <controlfield tag="006">o--- |     ||   ||</controlfield>
  <controlfield tag="007">ta</controlfield>
  <controlfield tag="008">210430s2019    xx     d     r    |||| u|</controlfield>
  <datafield tag="020" ind1=" " ind2=" ">
   <subfield code="a">9781260092301</subfield>
  </datafield>
  <datafield tag="035" ind1=" " ind2=" ">
   <subfield code="a">(iLib)UPCEB-00012051462</subfield>
  </datafield>
  <datafield tag="040" ind1=" " ind2=" ">
   <subfield code="a">OhioLInk (emz)</subfield>
  </datafield>
  <datafield tag="041" ind1=" " ind2=" ">
   <subfield code="a">eng</subfield>
  </datafield>
  <datafield tag="042" ind1=" " ind2=" ">
   <subfield code="a">pcc</subfield>
  </datafield>
  <datafield tag="050" ind1="0" ind2="0">
   <subfield code="a">HD58.7</subfield>
   <subfield code="b">C6255 2019</subfield>
  </datafield>
  <datafield tag="090" ind1=" " ind2="0">
   <subfield code="a">HD 58.7</subfield>
   <subfield code="b">C641 2019</subfield>
  </datafield>
  <datafield tag="100" ind1="1" ind2=" ">
   <subfield code="a">Colquitt, Jason</subfield>
   <subfield code="e">author.</subfield>
  </datafield>
  <datafield tag="245" ind1="1" ind2="0">
   <subfield code="a">Organizational behavior</subfield>
   <subfield code="b">improving performance and commitment in the workplace</subfield>
   <subfield code="c">Jason A Colquitt, University of Georgia, Jeffery A LePine, Arizona State University, Michael J. Wesson, Texas A&amp;M University.</subfield>
  </datafield>
  <datafield tag="250" ind1=" " ind2=" ">
   <subfield code="a">Sixth Edition.</subfield>
  </datafield>
  <datafield tag="264" ind1=" " ind2="1">
   <subfield code="a">New York, NY</subfield>
   <subfield code="b">McGraw-Hill Education</subfield>
   <subfield code="c">[2019]</subfield>
  </datafield>
  <datafield tag="300" ind1=" " ind2=" ">
   <subfield code="a">xxi, 585 pages</subfield>
   <subfield code="b">color illustrations</subfield>
   <subfield code="c">28 cm.</subfield>
  </datafield>
  <datafield tag="500" ind1=" " ind2=" ">
   <subfield code="a">Revised edition of the authors' Organizational behavior, [2016].</subfield>
  </datafield>
  <datafield tag="500" ind1=" " ind2=" ">
   <subfield code="a">Machine generated contents note: PART 1 INTRODUCTION TO ORGANIZATIONAL BEHAVIOR CHAPTER 1: What Is Organizational Behavior? CHAPTER 2: Job Performance CHAPTER 3: Organizational Commitment PART 2 INDIVIDUAL MECHANISMS CHAPTER 4: Job Satisfaction CHAPTER 5: Stress CHAPTER 6: Motivation CHAPTER 7: Trust, Justice, and Ethics CHAPTER 8: Learning and Decision Making PART 3 INDIVIDUAL CHARACTERISTICS CHAPTER 9: Personality and Cultural Values CHAPTER 10: Ability PART 4 GROUP MECHANISMS CHAPTER 11 Teams: Characteristics and Diversity CHAPTER 12 Teams: Processes and Communication CHAPTER 13 Leadership: Power and Negotiation CHAPTER 14 Leadership: Styles and Behaviors PART 5 ORGANIZATIONAL MECHANISMS CHAPTER 15: Organizational Structure CHAPTER 16: Organizational Culture.</subfield>
  </datafield>
  <datafield tag="500" ind1=" " ind2=" ">
   <subfield code="a">Prof. Sia (Recommending faculty) - Bookfair 2019</subfield>
  </datafield>
  <datafield tag="504" ind1=" " ind2=" ">
   <subfield code="a">Includes bibliographical references and indexes.</subfield>
  </datafield>
  <datafield tag="505" ind1="0" ind2=" ">
   <subfield code="a">PART 1 INTRODUCTION TO ORGANIZATIONAL BEHAVIOR: What Is Organizational Behavior? -- Job Performance -- Organizational Commitment -- PART 2 INDIVIDUAL MECHANISMS. Job Satisfaction -- Stress -- Motivation -- Trust, Justice, and Ethics -- Learning and Decision Making -- PART 3 INDIVIDUAL CHARACTERISTICS. Personality and Cultural Values -- Ability -- PART 4 GROUP MECHANISMS. Teams: Characteristics and Diversity -- Teams: Processes and Communication -- Leadership: Power and Negotiation -- Leadership: Styles and Behaviors -- PART 5. ORGANIZATIONAL MECHANISMS -- Organizational Structure -- Organizational Culture.</subfield>
  </datafield>
  <datafield tag="520" ind1=" " ind2=" ">
   <subfield code="a">&quot;Organizational Behavior 6th edition by Colquitt, LePine, and Wesson continues to offer a novel approach using an integrative model and roadmap to illustrate how individual, team, leader, and organizational factors shape employee attitudes, and how those attitudes impact performance and commitment. This model reminds students where they are, where they've been, and where they're going. They include two unique chapters on job performance and organizational commitment. Those topics are critical to managers and students alike, and represent critical outcomes in OB. Each successive chapter then links back to those outcomes, illustrating why OB matters in today's organizations&quot;</subfield>
  </datafield>
  <datafield tag="650" ind1=" " ind2="0">
   <subfield code="a">Organizational behavior.</subfield>
  </datafield>
  <datafield tag="650" ind1=" " ind2="0">
   <subfield code="a">Personnel management.</subfield>
  </datafield>
  <datafield tag="650" ind1=" " ind2="0">
   <subfield code="a">Strategic planning.</subfield>
  </datafield>
  <datafield tag="650" ind1=" " ind2="0">
   <subfield code="a">Consumer satisfaction.</subfield>
  </datafield>
  <datafield tag="650" ind1=" " ind2="0">
   <subfield code="a">Job satisfaction.</subfield>
  </datafield>
  <datafield tag="700" ind1="1" ind2=" ">
   <subfield code="a">LePine, Jeffery A.</subfield>
   <subfield code="e">author.</subfield>
  </datafield>
  <datafield tag="700" ind1="1" ind2=" ">
   <subfield code="a">Wesson, Michael J.</subfield>
   <subfield code="e">author.</subfield>
  </datafield>
  <datafield tag="905" ind1=" " ind2=" ">
   <subfield code="a">FO</subfield>
  </datafield>
  <datafield tag="852" ind1="0" ind2=" ">
   <subfield code="a">UPCEB</subfield>
   <subfield code="b">CEBU-LAHUG</subfield>
   <subfield code="h">HD 58.7  C641 2019</subfield>
  </datafield>
  <datafield tag="942" ind1=" " ind2=" ">
   <subfield code="a">Book</subfield>
  </datafield>
 </record>
</collection>
